Biophysics / (Record no. 134228)
[ view plain ]
| 000 -LEADER | |
|---|---|
| fixed length control field | 00762nam a22002297a 4500 |
| 005 - DATE AND TIME OF LATEST TRANSACTION | |
| control field | 20170124110223.0 |
| 010 ## - LIBRARY OF CONGRESS CONTROL NUMBER | |
| LC control number | B-128617 |
| 020 ## - INTERNATIONAL STANDARD BOOK NUMBER | |
| Terms of availability | 950.00 |
| International Standard Book Number | 8183181090 |
| 035 ## - SYSTEM CONTROL NUMBER | |
| System control number | B-128617 |
| 037 ## - SOURCE OF ACQUISITION | |
| Source of stock number/acquisition | Cen Lib/Ret |
| 040 ## - CATALOGING SOURCE | |
| Original cataloging agency | DPL |
| Language of cataloging | EN |
| 082 ## - DEWEY DECIMAL CLASSIFICATION NUMBER | |
| Classification number | 574.191 |
| Item number | CHA |
| 100 ## - MAIN ENTRY--PERSONAL NAME | |
| Personal name | Chatwal, Gurdeep R. |
| 9 (RLIN) | 40149 |
| 245 ## - TITLE STATEMENT | |
| Title | Biophysics / |
| Statement of responsibility, etc | by Gurdeep R.Chatwal ; edited by Madhu Arora |
| 260 ## - PUBLICATION, DISTRIBUTION, ETC. (IMPRINT) | |
| Place of publication, distribution, etc | New Delhi |
| Name of publisher, distributor, etc | Himalaya Publishing House |
| 270 ## - ADDRESS | |
| Address | Pooja Appartments, 4-B, Muarari Lal Street, Ansari Road, Daryaganj |
| City | New Delhi |
| Postal code | 110002 |
| 300 ## - PHYSICAL DESCRIPTION | |
| Extent | 424p. : |
| Dimensions | 25cm(Hb) |
| Other physical details | ill. |
| 650 ## - SUBJECT ADDED ENTRY--TOPICAL TERM | |
| Topical term or geographic name as entry element | Electronic books |
| 9 (RLIN) | 32409 |
| 650 ## - SUBJECT ADDED ENTRY--TOPICAL TERM | |
| Topical term or geographic name as entry element | SCIENCE -- Life Sciences -- Biophysics |
| 9 (RLIN) | 40150 |
| 700 ## - ADDED ENTRY--PERSONAL NAME | |
| Personal name | Arora, Madhu |
| 9 (RLIN) | 21021 |
| 942 ## - ADDED ENTRY ELEMENTS (KOHA) | |
| Source of classification or shelving scheme | Dewey Decimal Classification |
| Koha item type | English Books |
| Classification part | 574.191 |
| Call number suffix | CHA |
| Withdrawn status | Lost status | Damaged status | Not for loan | Collection code | Home library | Current library | Date acquired | Source of acquisition | Cost, normal purchase price | Total Checkouts | Full call number | Barcode | Date last seen | Copy number | Cost, replacement price | Price effective from | Koha item type |
|---|---|---|---|---|---|---|---|---|---|---|---|---|---|---|---|---|---|
| Not For Loan | Reference | Central Library | Central Library | 29/07/2015 | Cen Lib/Ret | 950.00 | 574.191 CHA | B-128617 | 29/07/2015 | 1 | 950.00 | 29/07/2015 | English Books |
